Normal view
MARC view
- Choudhary,N .L.
Entry Personal Name
001 - CONTROL NUMBER
- control field: 824
003 - CONTROL NUMBER IDENTIFIER
- control field: OSt
005 - DATE AND TIME OF LATEST TRANSACTION
- control field: 20160708112102.0
008 - FIXED-LENGTH DATA ELEMENTS
- fixed length control field: 160708|| aca||aabn | a|a d
040 ## - CATALOGING SOURCE
- Original cataloging agency: OSt
- Transcribing agency: OSt
100 ## - HEADING--PERSONAL NAME
- Personal name: Choudhary,N .L.
670 ## - SOURCE DATA FOUND
- Source citation: Work cat.: (OSt): Choudhary,N .L., Enzymes in Food Processing, 2012
